| 000 | 00667nam a22002057a 4500 | ||
|---|---|---|---|
| 003 | OSt | ||
| 008 | 260409b |||||||| |||| 00| 0 eng d | ||
| 020 | _a9783318782829 | ||
| 082 |
_a631.523 _bG67B |
||
| 245 |
_aBiotechnologies of Crop Improvement : cellular approaches / _cedited by Satbir Singh Gosal and Shabir Hussain Wani; Volume 1 |
||
| 260 |
_a.- Switzerland _b: Springer _c, 2018 |
||
| 300 | _axx,497p. | ||
| 650 | _aTechnology (Applied Sciences) | ||
| 650 | _aAgriculture and Related Technologies | ||
| 650 | _aCrop Improvement | ||
| 650 | _aPlant biotechnology | ||
| 700 | _aGosal, Satbir Singh. | ||
| 700 | _aWani, Shabir Hussain. | ||
| 942 |
_2ddc _cBK |
||
| 999 |
_c50047 _d50047 |
||